Odvrácená strana konce /

Hlavní autor: Connelly, Michael, 1956-
Další autoři: Netolička, Jan
Jazyk: Čeština
Vydáno: Ostrava : Domino, 2017
Vydání: Vydání první
Edice: Případ Harryho Bosche
Témata:
Fyzický popis: 423 stran ; 22 cm
Knihy
Uloženo v:
LEADER 01532nam a2200445 i 4500
001 nkc20172934144
003 CZ PrNK
005 20250109083200.0
007 ta
008 170922s2017 xr g 000 f cze
015 |a cnb002934144 
020 |a 978-80-7498-230-9  |q (vázáno) 
035 |a (OCoLC)1011114012 
040 |a OLA001  |b cze  |d ABA001  |e rda 
041 1 |a cze  |h eng 
072 7 |a 821.111(73)-3  |x Americká próza  |2 Konspekt  |9 25 
080 |a 821.111(73)-31  |2 MRF 
080 |a (0:82-312.4)  |2 MRF 
100 1 |a Connelly, Michael,  |d 1956-  |7 jo2004213785  |4 aut 
240 1 0 |a Wrong side of goodbye.  |l Česky 
245 1 0 |a Odvrácená strana konce /  |c Michael Connelly ; z anglického originálu The wrong side of goodbye ... přeložil Jan Netolička 
250 |a Vydání první 
264 1 |a Ostrava :  |b Domino,  |c 2017 
300 |a 423 stran ;  |c 22 cm 
336 |a text  |b txt  |2 rdacontent 
337 |a bez média  |b n  |2 rdamedia 
338 |a svazek  |b nc  |2 rdacarrier 
490 1 |a Případ Harryho Bosche 
655 7 |a americké romány  |7 fd131796  |2 czenas 
655 7 |a detektivní romány  |7 fd132010  |2 czenas 
655 9 |a American fiction  |2 eczenas 
655 9 |a detective novels  |2 eczenas 
700 1 |a Netolička, Jan  |7 xx0036671  |4 trl 
787 0 8 |i Z cyklu:  |t Harry Bosch  |g 19 
830 0 |a Případ Harryho Bosche  |0 s 
910 2 |a BOA001  |b 2-1395.475 
990 |a BK 
995 |a 01 
991 |b 201710  |c NOV 
996 6 |b 2610720411  |c 2-1395.475  |l MZK  |r Sklad / do 1 hodiny  |n 2  |p p.v.  |w 001631797  |u 000010  |a 1  |e BOA001  |j MZK50  |s P